[Event "FRA-chT2 South 0607"]
[Site "France"]
[Date "2007.01.20"]
[Round "5.8"]
[White "Patetif, Daphne"]
[Black "Boizier, Isabelle"]
[Result "1-0"]
[WhiteElo "1550"]
[BlackElo "1530"]
[PlyCount "113"]
[EventDate "2006.10.15"]
[EventType "team-tourn"]
[EventRounds "11"]
[EventCountry "FRA"]
[SourceTitle "EXT 2008"]
[Source "ChessBase"]
[SourceDate "2007.11.25"]
[SourceVersion "1"]
[SourceVersionDate "2007.11.25"]
[SourceQuality "1"]
[WhiteTeam "Palavas les Flots"]
[BlackTeam "Pau Henri IV"]
[WhiteTeamCountry "FRA"]
[BlackTeamCountry "FRA"]

1. d4 d5 2. e3 e6 3. c4 Nf6 4. Nc3 Bb4 5. Bd2 0-0 6. Bd3 Nbd7 7. Nge2 c6 8. 0-0 e5 9. f3 Re8 10. Qb3 Ba5 11. Rad1 Nb6 12. c5 Nbd7 13. Qa4 b5 14. Qb3 exd4 15. exd4 h6 16. Rfe1 Nb8 17. Ng3 Na6 18. a3 Rb8 19. Rxe8+ Nxe8 20. Na2 Bxd2 21. Rxd2 Qg5 22. Re2 Bd7 23. Qc3 Nac7 24. Nb4 Nf6 25. Nc2 Re8 26. Rxe8+ Bxe8 27. Ne2 Ne6 28. g3 Nh5 29. Kf2 Bd7 30. Qa5 f5 31. Qxa7 Nf6 32. Qb8+ Kf7 33. h4 Qh5 34. Nf4 Nxf4 35. Qxf4 g5 36. hxg5 Qh2+ 37. Ke1 Nh5 38. Qd6 Qxg3+ 39. Qxg3 Nxg3 40. gxh6 Kg8 41. Kf2 Nh5 42. Ne3 Kh7 43. Nxf5 Bxf5 44. Bxf5+ Kxh6 45. Bd7 Nf4 46. Ke3 Kg5 47. Bxc6 Ng2+ 48. Kf2 Nf4 49. Bxb5 Ne6 50. Ke3 Kf6 51. b4 Nc7 52. Bc6 Ke6 53. b5 Ke7 54. a4 Ke6 55. a5 Ke7 56. a6 Kd8 57. a7 1-0